Política fiscal y medio ambiente: bases para una agenda común

Uloženo v:
Podrobná bibliografie
Hlavní autoři: Acquatella, Jean (Autor), Bárcena Ibarra, Alicia (Autor)
Médium: Kniha
Jazyk:španělština
Vydáno: Santiago Naciones Unidas 2005
Edice:Libros de la Cepal, 85
Témata:
Tagy: Přidat tag
Žádné tagy, Buďte první, kdo vytvoří štítek k tomuto záznamu!

MARC

LEADER 00000nam a2200000 a 4500
001 UCK8443
003 CL-VaPUC
008 060317e20050000CL |||||||||||||||||spa|d
020 |a 9213227426 
082 0 4 |a 363.7  |b ACQ  |2 21 
100 0 |a Acquatella, Jean  |e author  |9 498228 
700 |a Bárcena Ibarra, Alicia  |e author  |9 597767 
245 1 0 |a Política fiscal y medio ambiente: bases para una agenda común 
300 |a 266 p 
942 |c BK 
945 |d 20060317 00:00:00  |a jtorresc 
260 |a Santiago  |b Naciones Unidas  |c 2005 
650 0 |a Política fiscal  |9 317354 
650 0 |a Política ambiental  |9 262970 
650 0 |a Medio ambiente  |9 257625 
650 0 |a Gestión ambiental   |9 338121 
650 0 |a Recursos naturales  |9 255232 
651 0 |a América Latina   |9 255027 
583 |a last modification  |c 20060317 00:00:00  |k Rodrigo Vera 
490 0 |a Libros de la Cepal, 85 
999 |c 316094  |d 316092 
952 |0 0  |1 0  |4 0  |6 363_700000000000000_ACQ_2005  |7 0  |8 A  |9 390198  |a BIBING  |b BIBING  |d 2019-11-22  |i 4213777  |o 363.7 ACQ 2005  |p 4213777  |r 2025-01-20  |w 2019-11-22  |y BK  |k EII